[Event "21st Pobeskydi Arcelor Mittal Cup"]
[Site "Frydek-Mistek CZE"]
[Date "2010.04.02"]
[Round "3"]
[White "Pilch,R"]
[Black "Matejovsky,O"]
[Result "1/2-1/2"]
[WhiteElo "2147"]
[BlackElo "2042"]

1.d4 d5 2.c4 e6 3.Nf3 Nf6 4.Nc3 Be7 5.Bf4 O-O 6.e3 c6 7.Rc1 Nbd7 8.h3 dxc4
9.Bxc4 Nd5 10.Bg3 N7b6 11.Bd3 Nxc3 12.bxc3 Ba3 13.Rb1 Nd5 14.Qc2 h6 15.e4 Nf6
16.O-O Qa5 17.Ne5 Be7 18.Rfe1 Nh5 19.Bh2 Bd6 20.f4 Bxe5 21.fxe5 g5 22.Rf1 b6
23.Rf3 Ba6 24.Bxa6 Qxa6 25.Rbf1 Rad8 26.g4 Ng7 27.Qf2 Rd7 28.h4 Qc4 29.Kh1 c5
30.Bg1 cxd4 31.cxd4 Ne8 32.hxg5 hxg5 33.Qd2 f6 34.exf6 Rh7+ 35.Kg2 Kf7 36.Rc1 Qa4
37.Bf2 Rfh8 38.Bg3 Qd7 39.Rfc3 Kg6 40.e5 Qd5+ 41.Rf3 Kf7 42.a3 Qe4 43.Qxg5 Qe2+
44.Rf2 Qe4+ 45.Rf3 Qe2+  1/2-1/2

[Event "ch-VIE Playoff"]
[Site "Ho Chi Minh City VIE"]
[Date "2010.04.03"]
[Round "2.2"]
[White "Le Quang Long"]
[Black "Ton That Nhu Tung"]
[Result "1-0"]
[WhiteElo "2295"]
[BlackElo "2279"]

1.d4 Nf6 2.Nf3 e6 3.c4 d5 4.Nc3 Be7 5.Bf4 O-O 6.e3 c5 7.dxc5 Qa5 8.Qd2 dxc4
9.Bxc4 Qxc5 10.Bd3 Nc6 11.a3 e5 12.b4 Qd6 13.Bg3 Bg4 14.Nb5 Qd5 15.Nc7 Qb3
16.Nxa8 Nxb4 17.Nxe5 Rxa8 18.Kf1 Nxd3 19.Qxd3 Qb2 20.Rb1 Be2+ 21.Ke1 Bxd3
22.Rxb2 Ba6 23.f3 Bxa3 24.Rb3 Rc8 25.Kd2 Rd8+ 26.Kc2 Bc5 27.Rd1 Nd5 28.Kb2 f6
29.Ng4 Rd7 30.Rc3 Nb6 31.Rxd7 Nxd7 32.Nf2 f5 33.Bf4 Bf1 34.g4 g6 35.gxf5 gxf5
36.Nd3 Bb6 37.Ne5 Nc5 38.Rc2 a5 39.Bh6 Ba7 40.Ka2 b5 41.Rc1 Bc4+ 42.Kb2 Be6
43.Rg1+ Kh8 44.Nc6 Bb6 45.Ne7  1-0

[Event "Easter Open"]
[Site "Medellin COL"]
[Date "2010.04.03"]
[Round "6"]
[White "Cely,J"]
[Black "Marin,H"]
[Result "0-1"]
[WhiteElo "2127"]
[BlackElo "1866"]

1.d4 d5 2.c4 e6 3.Nf3 Nf6 4.Nc3 Be7 5.Bf4 a6 6.e3 Nc6 7.a3 O-O 8.Bd3 dxc4
9.Bxc4 Nd5 10.Nxd5 exd5 11.Bd3 Be6 12.Rc1 Bf6 13.Qc2 h6 14.O-O Rc8 15.Bxa6 Nxd4
16.exd4 bxa6 17.Qc6 Ra8 18.Qxc7 Qxc7 19.Rxc7 Rfc8 20.Rfc1 Rxc7 21.Rxc7 Kf8
22.Rb7 Bg4 23.Ne5 Bxe5 24.Bxe5 Be6 25.f3 a5 26.Kf2 h5 27.Ke3 Ke8 28.Kf4 Bc8
29.Rc7 g6 30.g4 hxg4 31.fxg4 Be6 32.h4 Kf8 33.h5 gxh5 34.gxh5 Kg8 35.b4 axb4
36.axb4 Kh7 37.Rb7 Kh6 38.Rb8 Rxb8 39.Bxb8 Kxh5 40.Ke5 Kg5 41.Kd6 Kf5 42.Ke7 f6
43.Kd8 Ke4 44.Ba7 Bh3 45.b5 Bf1 46.b6 Ba6 47.Ke7 f5 48.b7 Bxb7 49.Bb8 Kxd4  0-1

[Event "11th TCh-RUS Women"]
[Site "Dagomys RUS"]
[Date "2010.04.07"]
[Round "7"]
[White "Tarasova,Viktoriy"]
[Black "Bukhteeva,V"]
[Result "1-0"]
[WhiteElo "2261"]
[BlackElo "2206"]

1.d4 d5 2.c4 e6 3.Nf3 Nf6 4.Nc3 Be7 5.Bf4 O-O 6.Qc2 c6 7.e3 Nbd7 8.h3 dxc4
9.Bxc4 Nd5 10.Bh2 N7f6 11.O-O Qa5 12.e4 Nxc3 13.bxc3 Bd7 14.Ne5 h6 15.Bd3 b5
16.a4 b4 17.cxb4 Qxb4 18.Nc4 Qb7 19.Rab1 Qc8 20.Rfc1 c5 21.Nd6 Bxd6 22.Bxd6 cxd4
23.Qb2 Qd8 24.Bxf8 Qxf8 25.e5 Nd5 26.Qxd4 Qa3 27.Ra1 Qe7 28.Be4 Rd8 29.Bxd5 exd5
30.Rc7 Qg5 31.Kh2 Bf5 32.f3 Rb8 33.Rxa7 Rb3 34.h4 Qh5 35.Kg1 Rd3 36.Qf2 Be6
37.Ra8+ Kh7 38.Re1 Qf5 39.a5 Qf4 40.a6 Rd2 41.Qe3 Qb4 42.Rf1 Qb2 43.Rf2 Rd1+
44.Kh2 Qb4 45.Kg3 Rh1 46.f4 d4 47.Qe4+ g6 48.a7 Qa3+ 49.Rf3 Qe7 50.f5 gxf5
51.Rh8+ Kg7 52.a8=Q  1-0

[Event "12th Open"]
[Site "Dubai UAE"]
[Date "2010.04.07"]
[Round "3"]
[White "Bennett,J"]
[Black "Salem,AR"]
[Result "0-1"]
[WhiteElo "2160"]
[BlackElo "2483"]

1.d4 Nf6 2.c4 e6 3.Nc3 d5 4.Nf3 Be7 5.Bf4 O-O 6.e3 c5 7.dxc5 Bxc5 8.Qc2 Nc6
9.a3 Qa5 10.Rd1 Re8 11.Nd2 e5 12.Nb3 Qb6 13.Bg5 Nd4 14.exd4 exd4+ 15.Be2 dxc4
16.Na4 d3 17.Nxb6 dxc2 18.Rc1 Bxb6 19.Na1 Ng4 20.Bh4 Bf5  0-1

[Event "74th ch-BUL"]
[Site "Kyustendil BUL"]
[Date "2010.04.09"]
[Round "3"]
[White "Georgiev,Ki"]
[Black "Radulski,J"]
[Result "1-0"]
[WhiteElo "2669"]
[BlackElo "2592"]

1.d4 d5 2.c4 e6 3.Nc3 Be7 4.Nf3 Nf6 5.Bf4 O-O 6.e3 b6 7.cxd5 Nxd5 8.Nxd5 exd5
9.Bd3 c5 10.Rc1 Nc6 11.O-O c4 12.Bb1 Bg4 13.e4 f5 14.exf5 Qd7 15.Re1 Rae8
16.h3 Bxf3 17.Qxf3 Nxd4 18.Qg4 Bf6 19.Kh2 Rxe1 20.Rxe1 Re8 21.Rd1 Ne2 22.Be3 Qc7+
23.g3 d4 24.Qxe2 dxe3 25.fxe3 h5 26.Kg2 h4 27.gxh4 b5 28.b3 Qf4 29.Qxc4+ bxc4
30.exf4 cxb3 31.axb3 Re2+ 32.Kf3 Rb2 33.Kg4 Rg2+ 34.Kf3 Rb2 35.h5 Rxb3+ 36.Kg4 Kh7
37.Ba2 Rb8 38.Rd7 Ra8 39.Rc7 a5 40.Bd5 Rd8 41.Bc6 Rd1 42.Ra7 Rg1+ 43.Kf3 Rf1+
44.Kg4 Rg1+ 45.Kf3 Rf1+ 46.Kg3 Rg1+ 47.Bg2 Ra1 48.Ra8 Rd1 49.Rxa5 Rd8 50.Bd5 Kh6
51.Kg4 Rd6 52.Rb5 Rd8 53.Bf7 Rf8 54.Rb7 Rd8 55.Kf3 Rd3+ 56.Ke4 Rd4+ 57.Ke3 Rd6
58.Rb3 Rd7 59.Bg6 Re7+ 60.Kf3 Rd7 61.Kg4 Rd8 62.Rb6 Rf8 63.Re6 Rd8 64.Be8 Rb8
65.Bc6 Rd8 66.Re1 Rc8 67.Bf3 Rd8 68.Rb1 Rd4 69.Kg3 Rd8 70.Rg1 Rd3 71.Rg2 Kh7
72.Ra2 Kh6 73.Ra8 Rd8 74.Ra3 Rd6 75.Be2 Rd8 76.Re3 Rb8 77.Kg2 Rd8 78.Rg3 Kh7
79.Rg6 Rf8 80.h6 gxh6 81.Bc4 Bg7 82.Rc6 Kh8 83.Be6 Bf6 84.Rc7 Bg7 85.Kf3 Kh7
86.Kg4 Kh8 87.Bf7 Kh7 88.Kh5 Rd8 89.Be6 Rf8 90.Rb7 Rf6 91.Rd7 Kh8 92.Kg4 Bf8
93.Rb7 Bg7 94.Rc7 Bf8 95.Kh5 Bg7 96.Rc8+ Rf8 97.f6  1-0

[Event "12th Open"]
[Site "Dubai UAE"]
[Date "2010.04.10"]
[Round "5"]
[White "Malakhatko,V"]
[Black "Grabinsky,V"]
[Result "1-0"]
[WhiteElo "2548"]
[BlackElo "2316"]

1.d4 Nf6 2.c4 e6 3.Nf3 d5 4.Nc3 Be7 5.Bf4 c5 6.dxc5 Bxc5 7.e3 Nc6 8.a3 O-O
9.Qc2 Bd7 10.Rd1 Rc8 11.cxd5 exd5 12.Be2 Qe7 13.O-O Be6 14.Bg5 Rfd8 15.Qb1 h6
16.Bh4 g5 17.Bg3 d4 18.exd4 Nxd4 19.Nxd4 Bxd4 20.Nb5 Qc5 21.b4 Qb6 22.a4 Bc4
23.Bxc4 Rxc4 24.Qb3 Rc6 25.Qf3 a6 26.Nxd4 Rxd4 27.Be5 Rxb4 28.a5 Qxa5 29.Bxf6 Rf4
30.Bd8 Qf5 31.Qd3 Re4  1-0

[Event "74th ch-BUL"]
[Site "Kyustendil BUL"]
[Date "2010.04.12"]
[Round "7"]
[White "Nikolov,Mo"]
[Black "Radulski,J"]
[Result "1/2-1/2"]
[WhiteElo "2550"]
[BlackElo "2592"]

1.d4 d5 2.Nf3 e6 3.c4 Nf6 4.Nc3 Be7 5.Bf4 O-O 6.e3 b6 7.cxd5 Nxd5 8.Nxd5 Qxd5
9.a3 c5 10.dxc5 Qxc5 11.Be2 Rd8 12.Qc1 Bb7 13.O-O Nc6 14.b4 Qf5 15.Qb1 Qxb1
16.Raxb1 Bf6 17.Rfc1 Rac8 18.g4 h6 19.h4 e5 20.Bg3 e4 21.Ne1 Ne7 22.g5 hxg5
23.hxg5 Bxg5 24.Be5 Rd2 25.Kf1 Nd5 26.Ng2 Bf6 27.Bxf6 Nxf6 28.Rxc8+ Bxc8
29.Rd1 Rc2 30.Nf4 Bg4 31.Rd8+ Kh7 32.Bxg4 Nxg4 33.Nh3 Nf6 34.Ra8 Rc7 35.Kg2 Kg6
36.Nf4+ Kg5 37.a4 Kg4 38.a5 g5 39.Nh3 Nd5 40.Re8 Re7 41.Rb8 f6 42.Rd8 Re5
43.Rd6 b5 44.Rd7 a6 45.Rd6 Nxb4 46.Rxf6 Nd3 47.Rxa6 b4 48.Rb6 Rxa5 49.Rb8 Ra1
50.Rb5 Ne1+ 51.Kh2 Nf3+ 52.Kg2 Rb1 53.Rb8 b3 54.Rb4 Ne1+ 55.Kh2 b2 56.Rxe4+ Kh5
57.Rb4 Nd3 58.Rb5 Kh6 59.Nxg5 Nxf2 60.Nf7+ Kg7 61.Ne5 Kf6 62.Nc4 Rh1+ 63.Kg2 b1=Q
64.Rxb1 Rxb1 65.Kxf2 Kf5 66.Ke2 Rb3 67.Nd2 Rc3 68.Nf3 Ke4 69.Nd2+ Kd5 70.Nf3 Ra3
71.Nd2 Kc5 72.Kf3 Ra2 73.Ke2 Kb4 74.Kd3 Ra3+ 75.Kd4 Ra8 76.e4 Rd8+ 77.Ke3 Kc3
78.Nf3 Rh8 79.e5 Kc4 80.Ke4 Rd8 81.e6 Kc5 82.Ke5 Rd5+ 83.Kf6 Rd6 84.Kf7 Rxe6
85.Kxe6  1/2-1/2

[Event "Bicentenario"]
[Site "Lanus ARG"]
[Date "2010.04.13"]
[Round "2"]
[White "Barreto Filho,C"]
[Black "Saldano Dayer,H"]
[Result "1/2-1/2"]
[WhiteElo "2362"]
[BlackElo "2428"]

1.d4 d5 2.c4 e6 3.Nf3 Nf6 4.Nc3 Be7 5.Bf4 O-O 6.e3 c5 7.dxc5 Bxc5 8.cxd5 Nxd5
9.Nxd5 exd5 10.a3 Nc6 11.Bd3 Bb6 12.b4 a6 13.O-O d4 14.e4 Bg4 15.h3 Bh5 16.Rc1 Re8
17.Re1 Rc8 18.g4 Bg6 19.Qd2 Bc7 20.Rc5 Qf6 21.e5 Qd8 22.Bxg6 hxg6 23.Qa2 Qe7
24.Ng5 Bb8 25.e6 f6 26.Bxb8 fxg5 27.Bg3 Rcd8 28.Qd2 d3 29.Kh2 a5 30.Re3 axb4
31.axb4 Qf6 32.Rxd3 Rxd3 33.Qxd3 Rxe6 34.Qd5 Kh7 35.Qxg5 Nxb4 36.Qxf6 Rxf6
37.Rb5 Nd3 38.Rxb7 g5 39.Kg2 Nf4+ 40.Bxf4 Rxf4 41.Rb5 Kh6 42.Kg3 Ra4 43.Rb6+ g6
44.f3 Ra3 45.Rc6 Rb3 46.Rf6 Kg7 47.Ra6 Kh6 48.Ra1 Rc3 49.Rf1 Ra3 50.Rh1 Kg7
51.Rh2 Rb3 52.h4 gxh4+ 53.Rxh4 g5 54.Rh5 Kg6 55.Rh8 Kg7 56.Ra8 Kg6 57.Ra6+ Kg7
58.Ra2 Kg6 59.Kf2 Kf6 60.Ra6+ Kg7 61.Rd6 Ra3 62.Ke2 Rb3 63.Rd3 Rb6 64.Rd4 Rb3
65.Rd3 Rb6 66.Ke3 Re6+ 67.Kd4 Rf6 68.Ra3 Rf4+ 69.Ke3 Rb4 70.Rd3 Kf6 71.Rd4 Rb6
72.f4 gxf4+ 73.Kxf4 Kg6  1/2-1/2

[Event "6th TCh-CHN"]
[Site "Ningbo CHN"]
[Date "2010.04.17"]
[Round "2"]
[White "Liang Chong"]
[Black "Ji Dan"]
[Result "1-0"]
[WhiteElo "2502"]
[BlackElo "2379"]

1.d4 d5 2.c4 e6 3.Nc3 Be7 4.Nf3 Nf6 5.Bf4 O-O 6.e3 c5 7.dxc5 Bxc5 8.Qc2 Nc6
9.Rd1 Qa5 10.a3 Be7 11.Be2 dxc4 12.Bxc4 Rd8 13.O-O Bd7 14.h3 h6 15.e4 Be8
16.e5 Rxd1 17.Rxd1 Nd7 18.Qe2 a6 19.Ne4 Rd8 20.Nd6 Qc7 21.Bb3 Nf8 22.Bg3 Na5
23.Bc2 b5 24.Rc1 Qa7 25.Nxe8 Rxe8 26.Be4 Rd8 27.h4 Nc4 28.a4 Qd7 29.h5 Bb4
30.Bf4 Na5 31.axb5 Qxb5 32.Qc2 Be7 33.Be3 Nb3 34.Rd1 Rxd1+ 35.Qxd1 Nc5 36.Bxc5 Bxc5
37.Qc2 a5 38.b3 Nd7 39.g3 Nb6 40.Bh7+ Kf8 41.Bd3 Qb4 42.Nd2 Bd4 43.Qc7 Ke8
44.Ne4 Nd7 45.Bb5  1-0

[Event "TCh-NED 2009-10"]
[Site "Netherlands NED"]
[Date "2010.04.18"]
[Round "9"]
[White "Van Wely,L"]
[Black "Verhoeven,T"]
[Result "1-0"]
[WhiteElo "2650"]
[BlackElo "2205"]

1.d4 d5 2.c4 e6 3.Nf3 Nf6 4.Nc3 Be7 5.Bf4 O-O 6.e3 c5 7.dxc5 Bxc5 8.cxd5 Nxd5
9.Nxd5 exd5 10.a3 Nc6 11.Bd3 Be7 12.h3 Bf6 13.O-O g6 14.Qe2 Be6 15.Rac1 Qd7
16.Rfd1 Rfe8 17.Ng5 Rac8 18.Nxe6 Qxe6 19.Bb1 d4 20.e4 Be5 21.Bh6 Bg7 22.Bxg7 Kxg7
23.f4 f5 24.e5 Qb3 25.Qf2 Red8 26.Rd3 Qb6 27.Rcd1 Qc7 28.Ba2 Qe7 29.Qf3 Qc5
30.b4 Qb5 31.g4 Rf8 32.g5 a5 33.bxa5 Qxa5 34.h4 Rfd8 35.h5 Nb4 36.Qxb7+  1-0

[Event "Open"]
[Site "Bar MNE"]
[Date "2010.04.19"]
[Round "4"]
[White "Georgiev,Vl"]
[Black "Krivokapic,M"]
[Result "1-0"]
[WhiteElo "2575"]
[BlackElo "2429"]

1.d4 d5 2.c4 e6 3.Nc3 Be7 4.Nf3 Nf6 5.Bf4 O-O 6.e3 c5 7.dxc5 Qa5 8.Nd2 dxc4
9.Bd6 Bxd6 10.cxd6 Qc5 11.Nxc4 b5 12.Na5 a6 13.Be2 Qb6 14.b4 Nc6 15.Nxc6 Qxc6
16.Rc1 Bb7 17.Bf3 Qb6 18.Bxb7 Qxb7 19.O-O Rfd8 20.Qd3 Rd7 21.a4 bxa4 22.Nxa4 Qxb4
23.Nc5 Rdd8 24.e4 e5 25.f4 Rac8 26.fxe5 Rxc5 27.exf6 gxf6 28.Rcd1 Re5 29.Rxf6 Rxe4
30.Qg3+ Rg4 31.Qf2 Rg6 32.d7 Qe7 33.Rxg6+ hxg6 34.Qd4 a5 35.h3 Qe6 36.Kh1 f6
37.Qc3 Kf7 38.Qc7 Qe7 39.Qc6 Qe6 40.Qa4 Kg7 41.Qb5 Kf7 42.Qb7 a4 43.Qc7 Ke7
44.Qa5 Qg8 45.Re1+ Kd6 46.Qxa4  1-0

[Event "9th Open"]
[Site "Malakoff FRA"]
[Date "2010.04.21"]
[Round "6"]
[White "Malaniuk,V"]
[Black "Delalee,P"]
[Result "1-0"]
[WhiteElo "2582"]
[BlackElo "1969"]

1.d4 Nf6 2.Nf3 e6 3.c4 d5 4.Nc3 Be7 5.Bf4 c6 6.e3 Nbd7 7.h3 O-O 8.a3 Re8
9.c5 Ne4 10.Qc2 Nxc3 11.Qxc3 f6 12.b4 e5 13.Bh2 e4 14.Nd2 f5 15.Be2 Nf6 16.Nb3 Rf8
17.a4 g5 18.b5 Qe8 19.bxc6 bxc6 20.Na5 Bd8 21.Bd6 Rf7 22.g3 Bc7 23.h4 h6
24.hxg5 hxg5 25.Kd2 Qd7 26.Rab1 Bxd6 27.cxd6 Qxd6 28.Qxc6 Qxc6 29.Nxc6 Rc7
30.Ne5 Bd7 31.Rh6 Nh7 32.Rg6+ Kf8 33.Bd1 Re8 34.a5 Re7 35.Rb8+ Be8 36.a6  1-0

[Event "Open"]
[Site "Bar MNE"]
[Date "2010.04.22"]
[Round "7"]
[White "Miljkovic,Mir1"]
[Black "Abramovic,B"]
[Result "1/2-1/2"]
[WhiteElo "2484"]
[BlackElo "2486"]

1.d4 d5 2.c4 e6 3.Nc3 Nf6 4.Nf3 Be7 5.Bf4 O-O 6.e3 c5 7.dxc5 Bxc5 8.Rc1 Nc6
9.cxd5 exd5 10.Be2 Be6 11.O-O Be7 12.Ne5 Bd6 13.Nxc6 bxc6 14.Bxd6 Qxd6 15.Na4 Rfb8
16.a3 c5 17.Nxc5 Rxb2 18.Bf3 Rb6 19.Qa4 Qe7 20.h3 h6 21.Rfd1 Rab8 22.Na6 Rd8
23.Nb4 Qb7 24.Qa5 Rdd6 25.Rc5 Ne4 26.Bxe4 dxe4 27.Rxd6 Rxd6 28.Rc7 Qb8 29.Rc1 Qb6
30.Qxb6 axb6 31.h4 f5 32.Rc7 Bd7 33.Rb7 Kf7 34.Kh2 Ke8 35.Rb8+ Kf7 36.h5 b5
37.Kg3 Rd2 38.Rb6 Be8 39.Na6 Ke7 40.Nc7 Bxh5 41.Rxb5 Bg6 42.Nd5+ Kd6 43.Nf4 Bh7
44.Rb7 g5 45.Rxh7 gxf4+ 46.exf4 Rd3+ 47.Kh4 Rd2 48.Rxh6+ Kd5 49.Rf6 Rxf2
50.Rxf5+ Kd4 51.g4 e3 52.Kg5 Rc2 53.Rf8 Rc5+ 54.Kg6 Re5 55.fxe5 e2 56.Rd8+ Kc3
57.e6 e1=Q 58.Kf7 Qf2+ 59.Ke8 Qf6 60.e7 Qg6+ 61.Kd7 Qxg4+ 62.Kc7  1/2-1/2

[Event "TOP 16 GpB"]
[Site "Mulhouse FRA"]
[Date "2010.04.29"]
[Round "4"]
[White "Delorme,Ax"]
[Black "Roos,J"]
[Result "1-0"]
[WhiteElo "2429"]
[BlackElo "2259"]

1.d4 d5 2.c4 e6 3.Nf3 Be7 4.Nc3 Nf6 5.Bf4 O-O 6.e3 c6 7.h3 Nbd7 8.Bd3 dxc4
9.Bxc4 Nd5 10.Bh2 Qa5 11.O-O b5 12.Bd3 Bb7 13.Ne4 N5f6 14.Nd6 Ba6 15.Qc2 b4
16.Bxa6 Qxa6 17.Rfc1 Nb8 18.a3 Qb6 19.axb4 Qd8 20.Nb7 Qb6 21.Na5 Bxb4 22.Nxc6 Nxc6
23.Qxc6 h6 24.Ne5 Be7 25.Qxb6 axb6 26.Nc6 Nd5 27.e4 Bg5 28.exd5 Bxc1 29.Rxc1 exd5
30.Ne7+ Kh7 31.Nxd5 Rad8 32.Nxb6 Rxd4 33.Be5 Re4 34.Bd6 Rd8 35.Bc5  1-0

[Event "4NCL 2009-10"]
[Site "Sunningdale ENG"]
[Date "2010.05.03"]
[Round "11"]
[White "Pert,N"]
[Black "Collins,S IRL"]
[Result "1-0"]
[WhiteElo "2541"]
[BlackElo "2431"]

1.d4 d5 2.c4 e6 3.Nf3 Nf6 4.Nc3 Be7 5.Bf4 O-O 6.e3 Nbd7 7.c5 c6 8.h3 b6 9.b4 a5
10.a3 Ba6 11.Bxa6 Rxa6 12.b5 cxb5 13.c6 Qc8 14.c7 Bxa3 15.Nxb5 Bb4+ 16.Ke2 Ne4
17.Qc2 Ra8 18.Rhb1 Qe8 19.Qc6 Ndf6 20.Ne5 Qe7 21.Nd3 Qe8 22.Qxe8 Rfxe8 23.Nxb4 axb4
24.Rxa8 Rxa8 25.f3  1-0

[Event "ch-UKR"]
[Site "Alushta UKR"]
[Date "2010.05.04"]
[Round "2"]
[White "Baranov,J"]
[Black "Goroshkova,L"]
[Result "1/2-1/2"]
[WhiteElo "2170"]
[BlackElo "1963"]

1.d4 d5 2.c4 e6 3.Nf3 Nf6 4.Nc3 Be7 5.Bf4 c6 6.e3 O-O 7.Qc2 Nbd7 8.h3 Re8
9.a3 a5 10.Bd3 Nf8 11.O-O dxc4 12.Bxc4 Ng6 13.Bg3 Bd6 14.Bxd6 Qxd6 15.Rfd1 Qc7
16.Bd3 Nd5 17.b4 axb4 18.Nxd5 exd5 19.axb4 Bd7 20.b5 Qd6 21.bxc6 Bxc6 22.Qb2 Reb8
23.Qb6 Ra3 24.Rxa3 Qxa3 25.Qc7 Qf8 26.Rb1 Rc8 27.Qg3 Qa3 28.Bf5 Ra8 29.Ng5 Qe7
30.Qg4 Qf6 31.Nf3 Qd6 32.Qh5 Bd7 33.Bd3 Ra3 34.Bxg6 hxg6 35.Qh4 f6 36.e4 dxe4
37.Qxe4 Bc6 38.Qg4 f5 39.Qh4 Bxf3 40.gxf3 b6 41.Rc1 Ra8 42.Kg2 Rd8 43.Rc6 Qxd4
44.Qxd4 Rxd4  1/2-1/2

[Event "TCh-UKR Clubs"]
[Site "Alushta UKR"]
[Date "2010.05.14"]
[Round "2"]
[White "Chos,A"]
[Black "Dudka,V"]
[Result "1-0"]
[WhiteElo "2306"]
[BlackElo "2107"]

1.d4 d5 2.Nf3 Nf6 3.c4 e6 4.Nc3 Be7 5.Bf4 c5 6.e3 O-O 7.dxc5 Bxc5 8.Qc2 Nc6
9.Rd1 Qa5 10.a3 d4 11.exd4 Nxd4 12.Rxd4 Bxd4 13.Nxd4 e5 14.Nb3 Qd8 15.Bg5 b6
16.Nd5 Bb7 17.Nxf6+ gxf6 18.Bh6 Re8 19.Qf5 Kh8 20.Bd3 e4 21.Be2 Rg8 22.Be3 Rxg2
23.Kf1 Bc8 24.Qxe4 Bh3 25.Ke1 Qg8 26.Qf3 Rg1+ 27.Rxg1 Qxg1+ 28.Kd2 Rd8+ 29.Nd4 f5
30.Qxh3 f4 31.Qh4 fxe3+ 32.fxe3 Rd6 33.Qg3 Rxd4+ 34.exd4 Qxd4+ 35.Kc2 f6
36.Bd3 f5 37.Qf3 f4 38.h4  1-0

[Event "Municipality Cup"]
[Site "Tbilisi GEO"]
[Date "2010.05.15"]
[Round "1"]
[White "Sulashvili,M"]
[Black "Kuchava,A"]
[Result "1/2-1/2"]
[WhiteElo "2497"]
[BlackElo "1953"]

1.d4 d5 2.Nf3 Nf6 3.c4 e6 4.Nc3 Be7 5.Bf4 c5 6.e3 cxd4 7.exd4 O-O 8.Rc1 Nc6
9.c5 Ne4 10.Bd3 f5 11.O-O g5 12.Be3 g4 13.Nd2 Nxc3 14.Rxc3 e5 15.dxe5 f4
16.Qc2 fxe3 17.Bxh7+ Kh8 18.Rxe3 Bg5 19.Rd3 Nb4 20.Qc3 Nxd3 21.Bxd3 Bxd2
22.Qxd2 Kg7 23.Re1 Bf5 24.e6 Qf6 25.Bxf5 Qxf5 26.e7 Rh8 27.g3 Rae8 28.Qd4+ Kg6
29.Qc3 Kf7 30.Re5 Qb1+ 31.Re1 Qh7 32.h4 Qg7 33.Re5 Qf6 34.Qd4 Qf3 35.Re3 Qf5
36.Re5 Qf3 37.Re3 Qf5 38.Re5 Qf3  1/2-1/2

[Event "ch-USA"]
[Site "Saint Louis USA"]
[Date "2010.05.16"]
[Round "3"]
[White "Yermolinsky,A"]
[Black "Lenderman,A"]
[Result "1/2-1/2"]
[WhiteElo "2528"]
[BlackElo "2598"]

1.d4 d5 2.c4 e6 3.Nf3 Nf6 4.Nc3 Be7 5.Bf4 O-O 6.e3 Nbd7 7.Be2 dxc4 8.Bxc4 c5
9.O-O cxd4 10.Qxd4 Nb6 11.Be2 Qxd4 12.Nxd4 Nbd5 13.Nxd5 Nxd5 14.Bg3 Bd7 15.Rfd1 Rfd8
16.e4 Nb4 17.a3 Nc6 18.Nb5 e5 19.Kf1 Rac8 20.Nd6 Bxd6 21.Rxd6 Be6 22.Rxd8+ Rxd8
23.Rd1 Rxd1+ 24.Bxd1 f6 25.f3 Na5 26.Bf2 b6 27.b4 Nc4 28.a4 Nb2 29.Bc2 Bc4+
30.Ke1 Nd3+ 31.Bxd3 Bxd3 32.a5 bxa5 33.bxa5 a6  1/2-1/2

[Event "46th Capablanca Memorial Open A"]
[Site "Havana CUB"]
[Date "2010.05.18"]
[Round "7.30"]
[White "Girones Barrios,Y"]
[Black "Garcia Martinez,Om"]
[Result "1-0"]
[WhiteElo "2221"]
[BlackElo "2318"]

1.d4 Nf6 2.c4 e6 3.Nc3 d5 4.Nf3 Be7 5.Bf4 O-O 6.e3 c5 7.cxd5 Nxd5 8.Nxd5 Qxd5
9.Be2 cxd4 10.exd4 Bb4+ 11.Bd2 Bxd2+ 12.Qxd2 Nc6 13.O-O Rd8 14.Rfd1 b6 15.Rac1 Bb7
16.Bc4 Qh5 17.Be2 Qg6 18.Qf4 Rac8 19.Bd3 Qf6 20.Qxf6 gxf6 21.Be4 f5 22.Bxc6 Bxc6
23.Ne5 Bb7 24.Nc4 Rc7 25.Rc3 Kf8 26.f3 Ke7 27.Ne5 Rxc3 28.bxc3 Rc8 29.Rc1 Ba6
30.f4 f6 31.Nf3 Rc4 32.Rc2 Ra4 33.Nd2 Kd6 34.c4 Kd7 35.Kf2 Bb7 36.g3 Ra3
37.Nb3 Be4 38.Rb2 Ra4 39.Nd2 Bc6 40.Ke3 Ra3+ 41.Ke2 Kc7 42.Nb1 Ra4 43.Nd2 Ra3
44.Nb1 Ra4 45.Nd2 a6 46.Kd3 b5 47.Kc3 bxc4 48.Nxc4 Bb5 49.Nd2 Kd6 50.Nb3 Kd5
51.Rd2 Rc4+ 52.Kb2 Rc8 53.Nc5 e5 54.a4 Bf1 55.Nd7 Ke4 56.dxe5 fxe5 57.fxe5 Ke3
58.Rd6 Kf3 59.e6 Kg2 60.Rd2+ Kh3 61.Nf6 Bc4 62.e7 Bf7 63.Nxh7 Bg6 64.Rd6 Be8
65.Rd8  1-0

[Event "4th All China Games Rapid"]
[Site "Hefei CHN"]
[Date "2010.05.18"]
[Round "5"]
[White "Zhao Xue"]
[Black "Tian Tian"]
[Result "1-0"]
[WhiteElo "2493"]
[BlackElo "2235"]

1.d4 d5 2.c4 e6 3.Nf3 Nf6 4.Nc3 Be7 5.Bf4 O-O 6.a3 b6 7.cxd5 exd5 8.g3 Be6
9.Bg2 Bd6 10.Ne5 c6 11.O-O Qe7 12.b4 Rc8 13.Qd2 Nbd7 14.Nd3 a5 15.Bxd6 Qxd6
16.b5 c5 17.dxc5 Nxc5 18.Nxc5 Rxc5 19.Rfc1 Rcc8 20.Rf1 Rc5 21.Rfc1 Rac8 22.e3 Qe5
23.f4 Qc7 24.Ne2 Rc2 25.Qd3 Qc4 26.Qxc4 R8xc4 27.Bf3 Bg4 28.Rxc2 Rxc2 29.Nd4 Rc3
30.Kf2 Bxf3 31.Kxf3 h5 32.Ra2 Ne4 33.Nc6 Nd6 34.Rd2 Kf8 35.Rxd5 Nxb5 36.Rxb5 Rxc6
37.g4 g6 38.h3 hxg4+ 39.hxg4 Rc3 40.Rxb6 Rxa3 41.Ke4 a4 42.Ra6 Kg7 43.Kd4 Ra1
44.Ke5 a3 45.e4 g5 46.f5 a2 47.Ra8 Rg1 48.Rxa2 Rxg4 49.f6+ Kg6 50.Ra8 Rg1
51.Rg8+ Kh6 52.Rg7 Ra1 53.Rxf7 Ra5+ 54.Ke6 Ra6+ 55.Kf5 g4 56.Rg7  1-0

[Event "ch-USA"]
[Site "Saint Louis USA"]
[Date "2010.05.18"]
[Round "5"]
[White "Bhat,V"]
[Black "Gurevich,D"]
[Result "1/2-1/2"]
[WhiteElo "2547"]
[BlackElo "2488"]

1.d4 d5 2.c4 e6 3.Nc3 Be7 4.Nf3 Nf6 5.Bf4 O-O 6.e3 b6 7.Bd3 c5 8.dxc5 bxc5
9.cxd5 exd5 10.O-O Nc6 11.e4 dxe4 12.Nxe4 Nb4 13.Nxf6+ Bxf6 14.Bc4 Bb7 15.Ne5 Bd5
16.Qb3 Re8 17.Rfe1 Bxc4 18.Nxc4 Qd3 19.Red1 Qxb3 20.axb3 Nc2 21.Ra4 Nd4 22.Bd6 Nxb3
23.g3 h6 24.Ra3 Re4 25.Ne3 Rb4 26.Nd5 Bxb2 27.Ra6 Rd4 28.Ne7+ Kh7 29.Rb1 Rd2
30.Bf4 Re2 31.Nd5 c4 32.Ra2 Rd8 33.Nc3 Rc2 34.Na4 c3 35.Nxc3 Rxc3 36.Raxb2 Nd4
37.Ra2 Rd7 38.Be3 Nc6 39.Ra6 f6 40.Rba1 Rc2 41.Bxa7  1/2-1/2

[Event "ch-Moscow Final"]
[Site "Moscow RUS"]
[Date "2010.05.25"]
[Round "3"]
[White "Mozharov,M"]
[Black "Rychagov,A"]
[Result "1/2-1/2"]
[WhiteElo "2474"]
[BlackElo "2551"]

1.d4 d5 2.c4 e6 3.Nf3 Nf6 4.Nc3 Be7 5.Bf4 O-O 6.e3 Nbd7 7.c5 c6 8.h3 b6 9.b4 a5
10.a3 Bb7 11.Bd3 Qc8 12.O-O Ba6 13.Qe2 Bxd3 14.Qxd3 Qb7 15.Rfc1 Rfc8 16.Nd2 h6
17.Rcb1 axb4 18.axb4 Bd8 19.Na4 Bc7 20.Bxc7 Qxc7 21.cxb6 Nxb6 22.Nc5 Ne8
23.b5 Nd6 24.bxc6 Qxc6 25.Ra6 Rxa6 26.Qxa6 Nbc4 27.Qxc6 Rxc6 28.Nxc4 Nxc4
29.Rb8+ Kh7 30.Rb7 Kg8 31.Rb8+ Kh7 32.Rb7 Kg8 33.Rb8+ Kh7  1/2-1/2

[Event "ch-CHN"]
[Site "Xinghua CHN"]
[Date "2010.05.26"]
[Round "3"]
[White "Zhou Jianchao"]
[Black "Zhang Ziyang"]
[Result "1-0"]
[WhiteElo "2652"]
[BlackElo "2422"]

1.d4 d5 2.c4 e6 3.Nc3 Be7 4.Nf3 Nf6 5.Bf4 O-O 6.e3 Nbd7 7.a3 c5 8.cxd5 Nxd5
9.Nxd5 exd5 10.dxc5 Nxc5 11.Be2 Bf6 12.Be5 Bg4 13.Bxf6 Qxf6 14.Qd4 Qxd4 15.Nxd4 Bxe2
16.Kxe2 Ne6 17.Nf5 Rfe8 18.Rhd1 g6 19.Nd6 Re7 20.Rac1 a6 21.Kf1 d4 22.exd4 Rd8
23.Rc8 Rxc8 24.Nxc8 Rc7 25.Nd6 Rd7 26.Ne4 Kg7 27.d5 f5 28.Nc3 Nc7 29.Ke2 Kf6
30.f4 Ke7 31.Kf3 Kd6 32.g4 Kc5 33.Kg3 Nxd5 34.gxf5 gxf5 35.Kh4 Rd6 36.Nxd5 Rxd5
37.Rc1+ Kd6 38.Rc2 Ke7 39.Re2+ Kf7 40.Kg5 Rd7 41.h4 Rd6 42.Rc2 h6+ 43.Kxf5 Rd5+
44.Ke4 Rb5 45.b4 b6 46.Rc4 Rh5 47.Rc7+ Kf8 48.Rc6 Rb5 49.Rxh6 a5 50.Rf6+  1-0

[Event "2nd Kahraman Olgac Mem"]
[Site "Instanbul TUR"]
[Date "2010.05.28"]
[Round "9"]
[White "Esen,B"]
[Black "Mirzoev,A"]
[Result "1/2-1/2"]
[WhiteElo "2521"]
[BlackElo "2555"]

1.d4 d5 2.c4 e6 3.Nf3 Nf6 4.Nc3 Be7 5.Bf4 O-O 6.e3 c6 7.Bd3 Nbd7 8.h3 dxc4
9.Bxc4 b5 10.Bd3 Bb7 11.O-O a6 12.Ne4  1/2-1/2

[Event "4th ACP World Rapid Cup"]
[Site "Odessa UKR"]
[Date "2010.05.28"]
[Round "2.1"]
[White "Eljanov,P"]
[Black "Jakovenko,D"]
[Result "1/2-1/2"]
[WhiteElo "2751"]
[BlackElo "2725"]

1.d4 Nf6 2.c4 e6 3.Nf3 d5 4.Nc3 Be7 5.Bf4 O-O 6.e3 Nbd7 7.c5 c6 8.h3 b6 9.b4 a5
10.a3 Bb7 11.Bd3 Qc8 12.O-O Ba6 13.Qc2 Bxd3 14.Qxd3 Qb7 15.Nd2 Ra7 16.Rab1 axb4
17.axb4 Rfa8 18.Nb3 Ra3 19.Qc2 Bd8 20.b5 Be7 21.Rfc1 h6 22.Qd1 bxc5 23.Nxc5 Nxc5
24.dxc5 R3a5 25.Qe2 Nd7 26.Qg4 Nf6 27.Qe2 Bxc5 28.Nxd5 Nxd5 29.Rxc5 Nxf4
30.exf4 Rb8 31.Rxc6 Qxc6 32.bxc6 Rxb1+ 33.Kh2 Rc5 34.Qd3 Rbc1 35.Qd8+ Kh7
36.Qe7 Kg6 37.h4 h5 38.c7 Rxc7 39.Qg5+ Kh7 40.Qxh5+ Kg8 41.Qb5 R1c5 42.Qb6 Rc2
43.g4 R2c6 44.Qb5 Rc5 45.Qb8+ Rc8 46.Qb7 R5c7 47.Qb6 Rc6 48.Qb7 R6c7 49.Qb6 Rc6
50.Qb7 R6c7  1/2-1/2

[Event "XXIX Open A"]
[Site "Zalakaros HUN"]
[Date "2010.05.31"]
[Round "6"]
[White "Munka,B"]
[Black "Ferencz,I2"]
[Result "1-0"]
[WhiteElo "1838"]
[BlackElo "2072"]

1.d4 d5 2.c4 e6 3.Nc3 Be7 4.Nf3 Nf6 5.Bf4 O-O 6.Qc2 a6 7.e3 b6 8.Be2 Bb7
9.b3 Nbd7 10.O-O Re8 11.Rfd1 Ne4 12.cxd5 exd5 13.Nxe4 dxe4 14.Nd2 Bd6 15.Bxd6 cxd6
16.Rac1 Rc8 17.Qb1 Qe7 18.Bg4 d5 19.Rxc8 Rxc8 20.Rc1 Rc6 21.Rxc6 Bxc6 22.Be2 Bb7
23.Qc1 Qd6 24.Kh1 f5 25.f4 Nf6 26.h3 h6 27.g3 g5 28.Qf1 g4 29.h4 Qa3 30.Qb1 Kf7
31.Kg2 Ke7 32.Qc2 Kd7 33.Kf2 Ne8 34.Nb1 Qe7 35.Nc3 Nc7 36.a4 Ne6 37.Nd1 Nf8
38.Kg1 Ng6 39.Bf1 Nf8 40.Kf2 Ne6 41.Be2 Nd8 42.Nc3 Ke6 43.Bf1 Nc6 44.Na2 Kd7
45.Be2 Qa3 46.Ke1 Na7 47.Kf2 b5 48.Nc3 Bc6 49.Qa2 Qxa2 50.Nxa2 bxa4 51.bxa4 Bxa4
52.Bxa6 Bb5 53.Bxb5+ Nxb5 54.Ke2  1-0